1127 1585 1531 1920 1688 1922 1022 1723 1458 1375 1796 1688 1504 1503 1513 1418 1158 1645 1150 1460 1711 1990 1551 1420 1864 1575 1955 1723 1304 1042 1369 1457 1462 1216 1666 1451 1058 1109 1152 1619 1324 1676 1457 1737 1624 1578 1239 1520 1136 1314 1414 1178 1205 1082 1816 1373 1896 1418 1446 1114 1934 1062 1727 1874 1320 1665 1953 1206 1130 1515 1991 1086 1937 1239 1660 1453 1046 1766 1099 1637 1828 1153 1145 1939 1649 1222 1342 1525 1814 1663 1118 1066 1632 1938 1471 1150 1876 1079 1665 BCNSPRNW ULIB Ver.6.0+V

เปลี่ยนเป็นภาษาไทย

Change to English
 แสดงรายละเอียดบรรณานุกรม
  กลับหน้าหลัก

Brief Record : Get Marc (ISO 2709) : E-mail record : QR code < ปิดหน้าต่าง
LEADER : 00000nam 2200000uu 4500
001    13399113621
003     ULIB
008    111124s2551||||th 000 0 tha d
020    ^a9789740627654
090    ^aนว.^bช574ว 2551
100 0  ^aชิโนทัย
245 00 ^aวุ่นรักยกกำลังสอง/^cชิโนทัย
250    ^aพิมพ์ครั้งที่ 1
260    ^aกรุงเทพฯ :^bศรีสยาม,^c2551
300    ^a228 หน้า
710 1  ^aศรีสยาม
945    ^p140^l0^i15308
995    ^aทศพร
999    ^aใช้งานได้ทุกระบบ
รายการนี้ยังไม่มีแท็ก
คุณยังไม่ได้ล็อกอิน คุณสามารถมีกิจกรรมร่วมกับเว็บไซต์ได้ แต่ต้องล็อกอินก่อน ::
  ล็อกอิน

รายการสื่อสารสนเทศ

ลำดับที่ ประเภท เลขเรียก/บาร์โค้ด สถานที่ สถานะ
1. นวนิยาย
นวนิยาย
นว. ช574ว 2551 ฉ.1 
  Barcode: 15308
ห้องสมุดวิทยาเขตสวรรค์ประชารักษ์
►นวนิยาย
บนชั้น
  ขอยืม

BibComment


ยังไม่เคยถูกคอมเมนท์

คอมเมนท์ทรัพยากรรายการนี้
  คอมเมนท์: วุ่นรักยกกำลังสอ..


 Copyright 2026. Bcnsprnw @Library